000 01047nam a22003257a 4500
001 335
003 FISKH
005 20230324112113.0
008 230324b cb ||||| |||| 00| 0 eng d
040 _aDLC
_cDLC
_dDLC
_dFISKH
_beng
042 _alcac
050 0 0 _aPZ7
_b.W729875 1975
082 0 0 _a823.914
100 _aHughs, Margaret
245 0 0 _aWalt Disney's Winnie the Pooh and Tigger too.
260 _aCoppenhagen :
_bEgmont.
_c1999
300 _a22 leaves of plates.
_bcol. ill. ;
_c23 cm.
490 0 _aDisney's wonderful world of reading ; 35
500 _aBased on stories written by A. A. Milne.
505 _aK
520 _aRabbit plans to unbounce Tigger, but he discovers he likes a bouncy Tigger best.
521 8 _a580
_bLexile
521 8 _aK
_bRaz-Plus
650 1 _aFriendship
_xFiction.
700 1 _aMilne, A. A.
_q(Alan Alexander),
_d1882-1956.
710 2 _aWalt Disney Productions.
740 _aWinnie the Pooh and Tigger too.
906 _a7
_bcbc
_corignew
_d1
_eocip
_f19
_gy-gencatlg
942 _2ddc
_cBK
_n0
999 _c335
_d335